|
|
|
|
| LEADER |
01542nam a22004692a 4500 |
| 001 |
000751834 |
| 003 |
CZ BrMZK |
| 005 |
20190404141758.0 |
| 007 |
ta |
| 008 |
041125s1981 xr er|||||||||||cze d |
| 015 |
|
|
|a cnb000135984
|
| 035 |
|
|
|a (OCoLC)8196942
|
| 040 |
|
|
|a BOA001
|b cze
|
| 041 |
0 |
|
|a cze
|b rus
|
| 043 |
|
|
|a e-xr---
|
| 045 |
|
|
|a x2x2
|
| 072 |
|
7 |
|a 821.162.3.09
|x Česká literatura (o ní)
|2 Konspekt
|9 11
|
| 080 |
|
|
|a 821.162.3-3
|2 MRF
|
| 080 |
|
|
|a 82-311.5
|2 MRF
|
| 080 |
|
|
|a 82.07
|2 MRF
|
| 080 |
|
|
|a (437.3)
|2 MRF
|
| 080 |
|
|
|a (048.8)
|2 MRF
|
| 100 |
1 |
|
|a Macurová, Alena,
|d 1946-
|7 jk01072822
|4 aut
|
| 245 |
1 |
0 |
|a Výstavba a smysl Vančurova Rozmarného léta /
|c Alena Macurová
|
| 250 |
|
|
|a 1. vyd.
|
| 260 |
|
|
|a Praha :
|b Academia,
|c 1981
|
| 300 |
|
|
|a 60, [1] s.
|
| 490 |
1 |
|
|a Studie ČSAV ;
|v Čís. 21/1981
|
| 504 |
|
|
|a Obsahuje bibliografie a bibliografické odkazy
|
| 546 |
|
|
|a Ruské resumé
|
| 600 |
1 |
4 |
|a Vančura, Vladislav,
|d 1891-1942.
|t Rozmarné léto.
|
| 648 |
|
4 |
|a 1926
|
| 648 |
|
7 |
|a 20. století
|7 ch460558
|2 czenas
|
| 650 |
0 |
7 |
|a česká próza
|7 ph116861
|y 20. století
|2 czenas
|
| 650 |
0 |
7 |
|a humoristická próza
|7 ph225461
|z Česko
|y 20. století
|2 czenas
|
| 650 |
0 |
7 |
|a interpretace a přijetí literárního díla
|7 ph137145
|2 czenas
|
| 655 |
|
7 |
|a studie
|7 fd133597
|2 czenas
|
| 830 |
|
0 |
|a Studie ČSAV
|
| 910 |
|
|
|a BOA001
|b PK-0091.917
|b 2-0838.163
|
| 920 |
|
|
|a 000166670
|
| 990 |
|
|
|a BK
|
| 996 |
6 |
|
|b 2619938047
|c 2-0838.163
|l MZK
|r Sklad / do 1 hodiny
|n 35
|w 000751834
|u 000020
|a 1
|e BOA001
|j MZK50
|s P
|